• 首页
  • 本馆介绍
  • 公告通知
  • 最新文献
  • 馆藏检索
  • 电子资源
  • 读者导购
  • 参考咨询
  • 我的图书馆
  • 登录
  • 详细信息显示
  • 放入我的书架
  • 预约/预借图书
  • 作者相关作品
  • 分类相关作品
  • 丛书相关作品
  • 出版社相关作品

书目信息

  • 表格格式
  • 工作单格式
  • 卡片格式
题名:
现代儿童摄影技巧
    
 
作者: 陈文襄 编著
分册:  
出版信息: 上海   上海科学技术文献出版社  1999
页数: 148页
开本: 19×21cm
丛书名:
单 册:
中图分类: J413
科图分类:
主题词: 儿童--人像摄影--摄影技术 , 人像摄影 , 摄影技术
电子资源:
ISBN: 7-5439-1351-8
000 00828nam0 2200253 45
001 012005601152
005 20070105154937.00
010    @a7-5439-1351-8@dCNY22.80
092    @aCN@b183906
100    @a20050910d1999 em y0chiy0120 ea
101 0  @achi
102    @aCN@b310000
105    @af z 000yy
200 1  @a现代儿童摄影技巧@Axian dai er tong she ying ji qiao@f陈文襄编著@Fchen wen xiang bian zhu
210    @a上海@c上海科学技术文献出版社@d1999
215    @a148页@c照片@d19×21cm
330    @a本书共分八章,分别介绍了儿童摄影的用光、影调表现、心灵世界表现、成长历程表现、常见的题材和儿童摄影的技与巧。
606 0  @a儿童@x人像摄影@x摄影技术
606 0  @a人像摄影
606 0  @a摄影技术
690    @aJ413@v4
701  0 @a陈文襄@Achen wen xiang@4编著
801  0 @aCN@bLZJBOOK@c20070105
905    @a10447@dJ413@e188
    
    现代儿童摄影技巧/陈文襄编著.-上海:上海科学技术文献出版社,1999
    148页:照片;19×21cm
    
    
    ISBN 7-5439-1351-8:CNY22.80
    本书共分八章,分别介绍了儿童摄影的用光、影调表现、心灵世界表现、成长历程表现、常见的题材和儿童摄影的技与巧。
●
相关链接 在E读中查询图书 在五车中查询图书 在当当中查询图书 在豆瓣中查询图书


正题名:现代儿童摄影技巧     索取号:J413/188         预约/预借

序号 登录号 条形码 馆藏地/架位号 状态 备注
1 0557805   205578052   第一样本阅览室/ [索取号:J413/188] 在馆    
2 0557806   205578061   第一借阅区/ [索取号:J413/188] 在馆    
3 0557807   205578070   第一借阅区/ [索取号:J413/188] 在馆    
4 0557808   205578089   第一借阅区/ [索取号:J413/188] 在馆    
5 0557809   205578098   第一借阅区/ [索取号:J413/188] 在馆    
6 0557810   205578105   第一借阅区/ [索取号:J413/188] 在馆    
7 0557811   205578114   第一借阅区/ [索取号:J413/188] 在馆    
8 0557812   205578123   第一借阅区/ [索取号:J413/188] 在馆    
唐山师范学院图书馆 欢迎您!
大连网信软件有限公司© 版权所有